Vista normal
Vista MARC
Entrada Corporate Name
Número de registros utilizados en: 1
001 - CONTROL NUMBER
- control field: 38988
003 - CONTROL NUMBER IDENTIFIER
- control field: OSt
005 - DATE AND TIME OF LATEST TRANSACTION
- control field: 20210802144849.0
008 - FIXED-LENGTH DATA ELEMENTS
- fixed length control field: 210802|| aca||aabn | a|a d
040 ## - CATALOGING SOURCE
- Original cataloging agency: OSt
- Transcribing agency: OSt
110 ## - HEADING--CORPORATE NAME
- Corporate name or jurisdiction name as entry element: Comisión de la verdad
670 ## - SOURCE DATA FOUND
- Source citation: Work cat.: (OSt)12086: Contraloría General de la República 12680, Causas y responsables de las perdidas del sector financiero estatal /, 2000.